00297nam a2200109Ia 4500008004100000041000800041082001300049100001600062245004500078260005600123300000800179221007s9999 xx 000 0 und d aeng a150bAGA aAgarwal K G aManual for Work Motivation Questionnaire c2008bNational Psychological CorporationaNew Delhi a12p